73-9 Warrior's Losses - Statistics

General Stats
  • This quiz has been taken 19 times
  • The average score is 7 of 9
Answer Stats
Team % Correct
Lakers
100%
Celtics
94%
Spurs
94%
Bucks
81%
Trailblazers
81%
Mavericks
75%
Pistons
75%
Timberwolves
75%
Nuggets
63%
No matching quizzes found
Score Distribution
Percent of People with Each Score
Percentile by Number Answered
Your Score History
You have not taken this quiz